000 01264nam a22003137a 4500
001 03749
003 HDC
007 cr bn ---aaaaa
008 210111t2000 flu||||| |||| 00| 0 eng
020 _a1-56670-222-4
040 _aHDC
100 _aMostaghimi, Saied
_eauthor
_93508
245 0 _aAgricultural nonpoint source pollution : watershed management and hydrology. Chapter 10 :
_bBest Management Practices for Nonpoint Source Pollution Control: Selection and Assessment / by
_cSaied Mostaghimi, Kevin M. Brannan, Theo A. Dillaha III, and Adriana C. Bruggeman
260 _a Boca Raton, Florida:
_bCRC Press,
_c2000
300 _a48 pages
336 _atext
_2rdacontent
337 _acomputer
_2rdamedia
338 _aonline resource
_2rdacarrier
650 _aBest Management Practices
_93509
650 _aSource Pollution Control
_93510
650 _aTechnology & Engineering
_93409
700 _aBrannan, Kevin M.
_eauthor
_93511
700 _aBruggeman, Adriana C.
_93513
700 _aDillaha, Theo A.
_93512
856 _zRequest full-text at [email protected]
942 _2lcc
942 _cCHAP
942 _kEBCH 001683
999 _c1085
_d1085